Capitals that are also the bigger city in A countries - Statistics

General Stats
  • This quiz has been taken 16 times
  • The average score is 7 of 10
Answer Stats
Answer % Correct
Kabul
90%
Algiers
80%
Tirana
80%
Vienna
80%
Buenos Aires
70%
Baku
70%
Luanda
70%
Andorra la Vella
60%
Yerevan
60%
St. John's
30%
No matching quizzes found
Score Distribution
Percent of People with Each Score
Percentile by Number Answered
Your Score History
You have not taken this quiz